Proyecto de ley orgánica de los servicios educacionales
Պահպանված է:
| Հիմնական հեղինակ: | |
|---|---|
| Ձևաչափ: | Գիրք |
| Լեզու: | իսպաներեն |
| Հրապարակվել է: |
Santiago
Talleres Gráficos La Nación S. A
1943
|
| Հրատարակություն: | 1a. ed |
| Խորագրեր: | |
| Ցուցիչներ: |
Ավելացրեք ցուցիչ
Չկան պիտակներ, Եղեք առաջինը, ով նշում է այս գրառումը!
|
MARC
| LEADER | 00000cam a2200000 a 4500 | ||
|---|---|---|---|
| 001 | UCD1353 | ||
| 003 | CL-VaPUC | ||
| 008 | 160303e19430000cl |||||||||||||||||spa|d | ||
| 082 | 0 | 4 | |a 344.8307 |b CLA |2 21 |
| 100 | 0 | |a Claro Velasco, Benjamín |e author |9 584448 | |
| 245 | 1 | 0 | |a Proyecto de ley orgánica de los servicios educacionales |
| 250 | |a 1a. ed | ||
| 300 | |a 77 p | ||
| 942 | |c BK | ||
| 945 | |d 20160303 03:41:00 |a dcastane | ||
| 260 | |a Santiago |b Talleres Gráficos La Nación S. A |c 1943 | ||
| 650 | 0 | |a Educación chilena |9 327162 | |
| 650 | 0 | |a Aspectos jurídicos |9 328188 | |
| 583 | |a last modification |c 20160303 03:41:00 |k Rodrigo Vera | ||
| 999 | |c 362701 |d 362699 | ||
| 952 | |0 0 |1 0 |3 erb |4 0 |6 344_830700000000000_CLA_1943 |7 0 |8 X |9 474122 |a FDOBUD |b FDOBUD |i 5264014 |o 344.8307 CLA 1943 |p 5264014 |r 2019-11-24 |w 2019-11-24 |y BK_X |z Catalogado en:20160303 |k BUD | ||